United States : Report on Observance of Standards and Codes-Fiscal Transparency.

This paper analyzes the Report on the Observance of Standards and Codes on fiscal transparency for the United States. It assesses fiscal transparency practices in the United States against the requirements of the IMF Code of Good Practices on Fiscal Transparency. It reviews the description of practi...

Полное описание

Библиографические подробности
Соавтор: International Monetary Fund
Формат: Журнал
Язык:English
Опубликовано: Washington, D.C. : International Monetary Fund, 2003.
Серии:IMF Staff Country Reports; Country Report ; No. 2003/243
Online-ссылка:Full text available on IMF
LEADER 01607cas a2200241 a 4500
001 AALejournalIMF008503
008 230101c9999 xx r poo 0 0eng d
020 |c 5.00 USD 
020 |z 9781451839555 
022 |a 1934-7685 
040 |a BD-DhAAL  |c BD-DhAAL 
110 2 |a International Monetary Fund. 
245 1 0 |a United States :   |b Report on Observance of Standards and Codes-Fiscal Transparency. 
264 1 |a Washington, D.C. :  |b International Monetary Fund,  |c 2003. 
300 |a 1 online resource (38 pages) 
490 1 |a IMF Staff Country Reports 
500 |a <strong>Off-Campus Access:</strong> No User ID or Password Required 
500 |a <strong>On-Campus Access:</strong> No User ID or Password Required 
506 |a Electronic access restricted to authorized BRAC University faculty, staff and students 
520 3 |a This paper analyzes the Report on the Observance of Standards and Codes on fiscal transparency for the United States. It assesses fiscal transparency practices in the United States against the requirements of the IMF Code of Good Practices on Fiscal Transparency. It reviews the description of practice, prepared by the IMF staff on the basis of discussions with the United States authorities and their responses to the fiscal transparency questionnaire, and provides a commentary of IMF staff on fiscal transparency in the United States. 
538 |a Mode of access: Internet 
830 0 |a IMF Staff Country Reports; Country Report ;  |v No. 2003/243 
856 4 0 |z Full text available on IMF  |u http://elibrary.imf.org/view/journals/002/2003/243/002.2003.issue-243-en.xml  |z IMF e-Library